1563 1056 1051 1595 1899 1948 1278 1866 1536 1168 1306 1735 1431 1987 1608 1378 1764 1194 1527 1822 1788 1585 1124 1391 1209 1197 1904 1264 1144 1782 1320 1924 1595 1900 1908 1548 1491 1761 1583 1275 1712 1307 1404 1951 1822 1300 1892 1227 1342 1608 1848 1945 1289 1954 1857 1664 1702 1184 1543 1654 1868 1508 1178 1245 1862 1770 1009 1047 1418 1170 1230 1845 1807 1036 1163 1716 1644 1790 1959 1342 1890 1529 1826 1198 1577 1519 1204 1739 1392 1361 1465 1586 1300 1932 1411 1078 1386 1200 1183 BCNSPRNW ULIB Ver.6.0+V

เปลี่ยนเป็นภาษาไทย

Change to English
 แสดงรายละเอียดบรรณานุกรม
  กลับหน้าหลัก

Brief Record : Get Marc (ISO 2709) : E-mail record : QR code < ปิดหน้าต่าง
LEADER : 00000nam 2200000uu 4500
001    13399121029
003     ULIB
008    020711s2550 th a 000 0 tha d
020    9789749986318
050  4 HF5734^bส182ส
100    สถาพร ดีบุญมี ณ ชุมแพ
245    สัมมนา-บันทึก-ศึกษาการออกแบบ /^cสถาพร ดีบุญมี ณ ชุมแพ
250    พิมพ์ครั้งที่ 1
260    กรุงเทพฯ :^bโอเดียนสโตร์,^c2550
300    96 หน้า
650    การออกแบบอุตสาหกรรม^xสัมนา
945    ^p75^l0^i15179
999    ^aทศพร เกษรทอง
รายการนี้ยังไม่มีแท็ก
คุณยังไม่ได้ล็อกอิน คุณสามารถมีกิจกรรมร่วมกับเว็บไซต์ได้ แต่ต้องล็อกอินก่อน ::
  ล็อกอิน

รายการสื่อสารสนเทศ

ลำดับที่ ประเภท เลขเรียก/บาร์โค้ด สถานที่ สถานะ
1. วิทยาศาสตร์การแพทย์ และสุขภาพ
วิทยาศาสตร์การแพทย์ และสุขภาพ
HF5734 ส182ส ฉ.1 
  Barcode: 15179
ห้องสมุดวิทยาเขตสวรรค์ประชารักษ์
►หนังสือทั่วไป
บนชั้น

รายการใกล้เคียง
    ผู้แต่ง [สถาพร ดีบุญมี ณ ชุมแพ]

BibComment


ยังไม่เคยถูกคอมเมนท์

คอมเมนท์ทรัพยากรรายการนี้
  คอมเมนท์: สัมมนาบันทึกศึกษา..


 Copyright 2026. Bcnsprnw @Library